17 Ejder Ateşi (Record no. 640178)

MARC details
000 -LEADER
sabit uzunluktaki kontrol alanı 00237nam a2200097Ia 4500
001 - KONTROL NUMARASI
kontrol alanı 640178
005 - EN SON İŞLEMİN TARİH VE ZAMANI
kontrol alanı 20250826153442.0
008 - SABİT-UZUNLUKTA VERİ ÖĞELERİ--GENEL BİLGİ
sabit uzunluktaki kontrol alanı 250824s9999 xx 000 0 und d
245 #0 - ESER / YAZAR
ESER ADI 17 Ejder Ateşi
Yazar Adı Kate McMullan
260 ## - YAYIN, DAĞITIM, VB.
YAYIN EVİ BEYAZ BALİNA
Holdings
Düşüm durumu Kayıp durumu Hasar Durumu Ödünç verilmez Ana kütüphane Geçerli Kütüphane Edinilen tarih Toplam ödünç verme sayısı Barkod Son görüntüleme tarihi Son ödünç verme tarihi Fiyatın geçerli olmaya başladığı tarih Koha materyal türü
        ABİDİN SANİYE ERÇAL İLKOKULU ABİDİN SANİYE ERÇAL İLKOKULU 24.08.2025 4 1001417 22.04.2026 12.03.2026 26.08.2025 Books